| 000 | 00726nam a2200265Ia 4500 | ||
|---|---|---|---|
| 005 | 20250425162331.0 | ||
| 008 | 250425s9999 xx 000 0 und d | ||
| 020 | _a9586484610 | ||
| 041 | _aspa | ||
| 082 | _a375 | ||
| 100 | _aMALDONADO GARCIA, MIGUEL ANGEL | ||
| 245 | 0 | _aLAS COMPETENCIAS, SU METODO Y SU GENEALOGIA: PEDAGOGIA Y DIDACTICA DEL TRABAJO | |
| 250 | _a1A ED. | ||
| 260 | _aBOGOTA | ||
| 260 |
_aColombia _bECOE EDICIONES _c2006 |
||
| 300 | _a360 | ||
| 500 | _aCONSULTAR 39597 EN BIBTEC | ||
| 650 | _aCOMPETENCIA | ||
| 650 | _aCURRICULO EDUCACIONAL | ||
| 650 | _aDESARROLLO CURRICULAR | ||
| 650 | _aEDUCACION SUPERIOR | ||
| 650 | _aPLANIFICACION CURRICULAR | ||
| 942 | _c01 | ||
| 010 | _a63269 | ||
| 999 |
_c227081 _d227081 |
||